Mobile Legends: First skin - Statistics

General Stats
  • This quiz has been taken 65 times
    60 since last reset
  • The average score is 12 of 91
Answer Stats
Characters Skins % Correct
Alucard Lone Hero
50%
Chou Hip-hop Boy
46%
Angela Dove & Love
42%
Layla Green Flash
38%
Balmond Power Source
38%
Dyrroth Scalebore
33%
Claude Golden Bullet
29%
Gusion Moonlight Sonata
29%
Eudora Flame Red Lips
27%
Aldous Red Mantle
27%
Fanny Campus Youth
25%
Badang Ironfists
25%
Granger Bardic Whisper
23%
Roger Dark Gent
23%
Zilong Elite Warrior
23%
Aurora Nature's Throne
23%
Akai Summer Party
23%
Miya Burning Bow
21%
Ruby Cat Girl
21%
Lesley Royal Musketeer
21%
Alice Spirit Woman
21%
Johnson Fire Chief
19%
Clint Sun n Sand
19%
Freya Dark Rose
17%
Ling Fiery Dance
17%
Guinevere Fleur de Bleau
17%
Estes Holy Priest
17%
Hayabusa Spacetime Shadow
17%
Martis Tyrant
17%
Bruno Vanguard Elite
17%
Odette Black Swan
15%
Wanwan Darting Star
15%
Argus Light of Dawn
15%
Vale Cerulean Winds
13%
Cyclops Exorcist
13%
Jawhead Girl Scout
13%
Franco Masterchef
13%
Chang'e Moonstruck
13%
Gord Professor of Hell
13%
Harith Savannah Cat
13%
Belerick Tiger's Claw
13%
Baxia Wild Totem
13%
Lunox Bloody Mary
12%
Kagura Flower Season
12%
Lancelot Masked Knight
12%
Harley Naughty Joker
12%
Alpha Onimusha Commander
12%
Hanabi Resplendent Iris
12%
Esmeralda Ruddy Dusk
12%
Irithel Silver Cyclone
12%
Sun Battle Buddha
10%
Khufra Desert Owl
10%
Grock Grave Guardian
10%
Karina Phantom Blade
10%
Karrie Rising Star
10%
Selena Wasp Queen
10%
Masha Winter Guard
10%
Kaja Commandment
8%
Bane Count Dracula
8%
Valir Pale Flame
8%
Diggie Pigeoneer
8%
Moskov Spear of Bone Dragon
8%
Carmilla Wisteria Countess
8%
Kadita Atlantean Princess
6%
Nana Clockwork Maid
6%
Faramis Dark Necro
6%
Hanzo Pale Phantom
6%
Hylos Abyssal Shaman
4%
Lapu-Lapu Ancestral Blade
4%
X.Borg Blue Storm
4%
Helcurt Exoracial Executer
4%
Saber Golden Warrior
4%
Minsitthar King of War
4%
Lylia School Idol
4%
Lolita Soldier in Training
4%
Kimmy Steam Researcher
4%
Pharsa Wings of Heaven
4%
Terizla Abyss Guard
2%
Minotaur Bursting Yama
2%
Tigreal Dark Knight
2%
Natalia Glass Blade
2%
Thamuz Lord of Wraith
2%
Yi Sun Shin Major General
2%
Leomord Phantom Knight
2%
Uranus Ancient Soul
0%
Zhask Crystallized Predator
0%
Rafaela Fertility Goddess
0%
Silvanna Hallowed Lance
0%
Gatotkaca Mighty Guardian
0%
Hilda Power of Wildness
0%
Vexana Toxic Kiss
0%
No matching quizzes found
Score Distribution
Percent of People with Each Score
Percentile by Number Answered
Your Score History
You have not taken this quiz since the last reset